000 00511nam a2200181Ia 4500
005 20250326143210.0
008 250326s9999 xx 000 0 und d
037 _aTextbook
040 _aFMSL
_beng
_cFMSL
041 _aeng
_2eng
084 _aX:51ObD65(2:55) PO
_qFMSL
100 _aPatel A B
_9747360
245 0 _aNet trading
_cPatel A B
260 _aGreat
_bGreat, Britain Pearson Education
_c2000
300 _a380p
942 _cTB
_hX:51ObD65(2:55) PO
999 _c1298555
_d1298555